| 000 | 00975nam a22003017a 4500 | ||
|---|---|---|---|
| 001 | BR8004203 | ||
| 003 | BR-BrBNA | ||
| 005 | 20230928090643.0 | ||
| 007 | ta | ||
| 008 | 230509b bl.||||| |||| 00| 0 por d | ||
| 040 |
_aBR-BrBNA _bpor _cBiblioteca Nacional de Agricultura |
||
| 041 | _a(Por) | ||
| 072 |
_aF00; F25 _b1410 _b3830 _b/G514 |
||
| 090 | _ 1410 BR8004203 | ||
| 100 | 1 | _aVidal, L.S. | |
| 110 | 1 |
_aEscola Superior de Agricultura de Lavras, MG (Brasil) _0Tese (Magister Scientiae) |
|
| 245 | 1 | _aEfeitos da densidade de plantas e de doses de fosforo sobre a producao de duas cultivares de feijao (Phaseolus vulgaris L.)[Brasil] | |
| 260 | 3 |
_aLavras, MG (Brasil): _c1980. |
|
| 300 | _a71 p. | ||
| 500 | _a19 illus.; Summaries (Eng, Por); Bibliography p. 47-54 (56 ref.) | ||
| 650 | _aFEIJAO | ||
| 650 | _aSEMENTE | ||
| 650 | _aRENDIMENTO | ||
| 650 | _aDENSIDADE DE PLANTIO | ||
| 650 | _aFOSFORO | ||
| 909 |
_a202309 _bLucia _c55 _dLucia Elande |
||
| 942 | _cBK | ||
| 999 |
_c29855 _d29855 |
||